[Event "SLO-ch U14"]
[Site "Rogaska Slatina"]
[Date "2010.02.23"]
[Round "5"]
[White "Mikec, Matic"]
[Black "Asanin, Svarun"]
[Result "1-0"]
[WhiteElo "1505"]
[BlackElo "1530"]
[PlyCount "101"]
[EventDate "2010.02.21"]
[EventType "swiss"]
[EventRounds "9"]
[EventCountry "SLO"]
[SourceTitle "EXT 2015"]
[Source "ChessBase"]
[SourceDate "2014.11.20"]
[SourceVersion "1"]
[SourceVersionDate "2014.11.20"]
[SourceQuality "1"]

1. e4 e6 2. d4 d5 3. e5 Nc6 4. Nf3 f6 5. Bb5 Bd7 6. Bxc6 Bxc6 7. Nc3 Bb4 8. Bd2 Bxc3 9. Bxc3 Qd7 10. 0-0 0-0-0 11. Qd2 Qf7 12. Qe3 Qg6 13. Rac1 Nh6 14. Rfe1 Ng4 15. Qf4 Rhf8 16. Qg3 Nh6 17. Qxg6 hxg6 18. Bb4 Rf7 19. h3 Bd7 20. c3 Re8 21. b3 a6 22. a4 Kb8 23. Red1 Bc6 24. g4 Rh8 25. Kg2 Ng8 26. Re1 Bd7 27. a5 Bc6 28. exf6 Nxf6 29. Rxe6 Bd7 30. Re7 Rxe7 31. Bxe7 Re8 32. Bxf6 gxf6 33. Re1 Rxe1 34. Nxe1 g5 35. Kg3 Be8 36. f4 Kc8 37. fxg5 fxg5 38. Nf3 Kd7 39. Nxg5 Ke7 40. Nf3 Kf6 41. Ne5 Kg7 42. Kf4 c6 43. h4 Kh7 44. g5 Bh5 45. g6+ Kg7 46. Kg5 Bd1 47. b4 Bc2 48. h5 Kg8 49. h6 Kh8 50. Nf7+ Kg8 51. h7+ 1-0

[Event "SLO-chT2 West"]
[Site "Kranj"]
[Date "2008.10.17"]
[Round "5.5"]
[White "Bucan, Luka"]
[Black "Mikec, Matic"]
[Result "1-0"]
[WhiteElo "1807"]
[BlackElo "1500"]
[PlyCount "37"]
[EventDate "2008.10.11"]
[EventType "team-swiss"]
[EventRounds "9"]
[EventCountry "SLO"]
[SourceTitle "EXT 2010"]
[Source "ChessBase"]
[SourceDate "2010.11.25"]
[SourceVersion "1"]
[SourceVersionDate "2010.11.25"]
[SourceQuality "1"]
[WhiteTeam "Stari Mayr Sencur"]
[BlackTeam "Gorenjka Lesce"]
[WhiteTeamCountry "SLO"]
[BlackTeamCountry "SLO"]

1. d4 d5 2. c4 c6 3. Nc3 Nf6 4. Nf3 Bf5 5. Qb3 Qd7 6. Ne5 dxc4 7. Qxc4 b5 8. Qxf7+ Kd8 9. Nxd7 Nbxd7 10. Qb3 a5 11. f3 b4 12. e4 Bg6 13. Na4 e5 14. d5 Bf7 15. Bc4 c5 16. Be3 g6 17. d6 Bxc4 18. Qxc4 Bxd6 19. Rd1 1-0